00975cam a22003133a 450000100060000000300060000600500170001200800410002904000150007004200070008505000070009210000260009924501000012526000290022550600300025451600200028465300350030465300370033965300320037665300220040865300240043065300260045465300320048065300270051265300260053965300250056583000290059085600420061926583PGUSA20140828083555.0080901s2008||||xxu|||||s|||||000 1 eng d aPGUSAbeng adc 4aPR1 aDefoe, Daniel,d-173114aThe Fortunes and Misfortunes of the Famous Moll Flandersh[electronic resource] /cDaniel Defoe bProject Gutenberg,c2008 aPublic domain in the USA. aElectronic text aBritish -- Virginia -- Fiction aChildren of prisoners -- Fiction aLondon (England) -- Fiction aAdventure stories aVirginia -- Fiction aPicaresque literature aWomen -- England -- Fiction aProstitutes -- Fiction aRepentance -- Fiction aCriminals -- Fiction 0aProject Gutenbergv2658340uhttp://www.gutenberg.org/ebooks/26583